Chariots of the Gods?: unsolved mysteries of the past

Uloženo v:
Podrobná bibliografie
Hlavní autor: Daniken, Erich von (Autor)
Médium: Kniha
Jazyk:angličtina
Vydáno: Londres Corgi Books 1971
Témata:
Tagy: Přidat tag
Žádné tagy, Buďte první, kdo vytvoří štítek k tomuto záznamu!

MARC

LEADER 00000cam a2200000 a 4500
001 UCF6273
003 CL-VaPUC
008 130418e19710000UK |||||||||||||||||eng|d
020 |a 055208805 
082 0 4 |a 999  |b DAN  |2 21 
100 |a Daniken, Erich von  |e author  |9 568278 
245 1 0 |a Chariots of the Gods?: unsolved mysteries of the past 
300 |a 190 p 
942 |c BK 
945 |d 20130418 00:00:00  |a dcastane 
260 |a Londres  |b Corgi Books  |c 1971 
650 0 |a Arqueología   |9 265619 
650 0 |a Historia  |9 255047 
650 7 |a CIVILIZACIONES EXTRATERRESTRES  |2 CL-VaPUC  |9 568279 
650 7 |a OVNI  |2 CL-VaPUC  |9 425100 
583 |a last modification  |c 20130418 10:21:00  |k Rodrigo Vera 
999 |c 351545  |d 351543 
952 |0 0  |1 0  |4 0  |6 999_000000000000000_DAN_1971  |7 0  |8 A  |9 455726  |a BIBEDU  |b BIBEDU  |d 2019-11-22  |i 4947517  |l 3  |o 999 DAN 1971  |p 4947517  |r 2022-06-17  |s 2022-06-10  |w 2019-11-22  |y BK  |k LIT